Imperialist Strategy and Moderate Politics, Indian Legislature at Work 1909 (Record no. 8628)

MARC details
000 -LEADER
fixed length control field 00659nam a2200253 a 4500
020 ## - INTERNATIONAL STANDARD BOOK NUMBER
ISBN
082 00 - DEWEY DECIMAL CLASSIFICATION NUMBER
Classification number 954.0356
Author Cutter MAH
100 ## - MAIN ENTRY--AUTHOR NAME
Author name Mahajan, Sneh
245 ## - TITLE STATEMENT
Title Imperialist Strategy and Moderate Politics, Indian Legislature at Work 1909
260 ## - PUBLICATION, DISTRIBUTION, ETC. (IMPRINT)
Place of publication Delhi
Name of publisher Chanakya Publications
Year of publication 1982
300 ## - PHYSICAL DESCRIPTION
Number of Pages 316p
500 ## - GENERAL NOTE
General note includes index and biblioraphy
505 2# - FORMATTED CONTENTS NOTE
Formatted contents note Index
650 ## - SUBJECT ADDED ENTRY--TOPICAL TERM
Topical Term British-India Politics
650 ## - SUBJECT ADDED ENTRY--TOPICAL TERM
Topical Term India-History
942 ## - ADDED ENTRY ELEMENTS (KOHA)
Koha item type Books
700 1# -
-- Mahajan, Sneh
Holdings
Collection code Home library Current library Date acquired Cost, normal purchase price Full call number Accession Number Koha item type
  Henry Martyn Institute Library Henry Martyn Institute Library 08/01/2007 120.00 954.0356 MAH 014493 Books
                   Copyright © 2026 | Henry Martyn Institute | Hyderabad | TS-500052 | INDIA | Implemented by hmi.edu.in
Hit-Count:

Powered by Koha